[Event "Gelsenkirchen Silvester op 4th"]
[Site "Gelsenkirchen"]
[Date "2016.12.29"]
[Round "5"]
[White "Prang, Andreas"]
[Black "Arndt, Olaf"]
[Result "0-1"]
[WhiteElo "1865"]
[BlackElo "2036"]
[PlyCount "132"]
[EventDate "2016.12.27"]
[EventType "swiss"]
[EventRounds "5"]
[EventCountry "GER"]
[SourceTitle "EXT 2019"]
[Source "ChessBase"]
[SourceDate "2018.10.10"]
[SourceVersion "1"]
[SourceVersionDate "2018.10.10"]
[SourceQuality "1"]

1. Nf3 g6 2. g3 Bg7 3. d4 Nf6 4. c4 0-0 5. Bg2 c6 6. 0-0 d5 7. Nc3 Nbd7 8. Qb3 Qb6 9. Qa3 Re8 10. cxd5 Nxd5 11. e4 Nc7 12. Be3 Nb5 13. Qa4 Nxc3 14. bxc3 Qd8 15. Qb3 Nf6 16. Ne5 Rf8 17. f4 Qb6 18. Qa3 Qc7 19. h3 e6 20. Qb2 Nd7 21. Nd3 Nb6 22. Qe2 Nc4 23. Bf2 b5 24. Nc5 Rb8 25. a4 a6 26. axb5 axb5 27. Ra2 Nb6 28. Rfa1 Bb7 29. Kh2 Ra8 30. Rxa8 Rxa8 31. Rxa8+ Bxa8 32. Qa2 Qc8 33. Qa7 Nc4 34. h4 Bf8 35. Nd7 Qb7 36. Qxb7 Bxb7 37. Bf1 Nd2 38. Bd3 Be7 39. Kg2 f5 40. exf5 exf5 41. Nc5 Bxc5 42. dxc5 Kf7 43. Be3 Nb3 44. Bb1 Ke7 45. Ba2 Na5 46. Bg8 h5 47. Bd4 Bc8 48. Ba2 Be6 49. Bb1 Bc4 50. Kf2 Ke6 51. Bc2 Kd5 52. Bd1 Bd3 53. Ke3 Be4 54. Kd2 Nc4+ 55. Ke2 Na5 56. Kd2 b4 57. Bg7 Kxc5 58. cxb4+ Kxb4 59. Ke2 c5 60. Bf8 Kc4 61. Kd2 Nc6 62. Be2+ Kd5 63. Bb5 Nd4 64. Ba6 Ne6 65. Bb7+ Kd4 66. Be7 Bxb7 0-1

[Event "Goch op 27th"]
[Site "Goch"]
[Date "2016.09.03"]
[Round "4"]
[White "Kroencke, Manfred"]
[Black "Prang, Andreas"]
[Result "1-0"]
[WhiteElo "2023"]
[BlackElo "1898"]
[PlyCount "58"]
[EventDate "2016.09.01"]
[EventType "swiss"]
[EventRounds "7"]
[EventCountry "GER"]
[SourceTitle "EXT 2018"]
[Source "ChessBase"]
[SourceDate "2017.10.13"]
[SourceVersion "1"]
[SourceVersionDate "2017.10.13"]
[SourceQuality "1"]

1. e4 c6 2. d4 d5 3. exd5 cxd5 4. Bd3 Nf6 5. c3 Nc6 6. Bf4 Bg4 7. Qb3 Bc8 8. Nf3 e6 9. 0-0 Bd6 10. Bxd6 Qxd6 11. Re1 0-0 12. Ne5 Nd7 13. Nxd7 Bxd7 14. Qc2 g6 15. Qe2 Rae8 16. Na3 a6 17. Qd2 e5 18. dxe5 Nxe5 19. Be2 Qc5 20. Nc2 Nc6 21. Rad1 Be6 22. Bf3 Rd8 23. Nd4 Nxd4 24. Qxd4 Qa5 25. a3 Rd7 26. h4 Qd8 27. g3 Qc7 28. h5 Qc4 29. Qf6 gxh5 1-0

[Event "Goch op 27th"]
[Site "Goch"]
[Date "2016.09.02"]
[Round "2"]
[White "Van Helvoort, Paul"]
[Black "Prang, Andreas"]
[Result "1/2-1/2"]
[WhiteElo "1555"]
[BlackElo "1898"]
[PlyCount "40"]
[EventDate "2016.09.01"]
[EventType "swiss"]
[EventRounds "7"]
[EventCountry "GER"]
[SourceTitle "EXT 2018"]
[Source "ChessBase"]
[SourceDate "2017.10.13"]
[SourceVersion "1"]
[SourceVersionDate "2017.10.13"]
[SourceQuality "1"]

1. e4 d6 2. d4 Nf6 3. Nc3 e5 4. dxe5 dxe5 5. Qxd8+ Kxd8 6. Bg5 c6 7. 0-0-0+ Kc7 8. Bc4 Be6 9. Bxe6 fxe6 10. Nf3 Nbd7 11. Rd2 Bb4 12. Rhd1 Nc5 13. Nxe5 Bxc3 14. bxc3 Nfxe4 15. Rd7+ Nxd7 16. Rxd7+ Kb6 17. Be3+ Ka6 18. Rd4 Nf6 19. Ra4+ Kb5 20. Rb4+ Ka6 1/2-1/2

[Event "Herne op 5th"]
[Site "Herne"]
[Date "2016.05.26"]
[Round "2"]
[White "Viebahn, Dirk"]
[Black "Prang, Andreas"]
[Result "1/2-1/2"]
[WhiteElo "2165"]
[BlackElo "1932"]
[PlyCount "82"]
[EventDate "2016.05.25"]
[EventType "swiss"]
[EventRounds "7"]
[EventCountry "GER"]
[SourceTitle "CBM 172 Extra"]
[Source "ChessBase"]
[SourceDate "2016.06.21"]
[SourceVersion "1"]
[SourceVersionDate "2016.06.21"]
[SourceQuality "1"]

1. e4 d6 2. d4 Nf6 3. Nc3 e5 4. Nf3 Nbd7 5. Bc4 Be7 6. h3 0-0 7. 0-0 c6 8. dxe5 dxe5 9. a3 b5 10. Ba2 a5 11. Re1 Ba6 12. Bg5 b4 13. Nb1 Qc7 14. Nbd2 Nc5 15. Bxf6 Bxf6 16. Bc4 Bb7 17. Nf1 Ne6 18. Bxe6 fxe6 19. axb4 axb4 20. Rxa8 Rxa8 21. Ne3 Ba6 22. Ng4 c5 23. Qc1 Bb7 24. Qe3 c4 25. Rd1 Rf8 26. Ra1 Qc6 27. Nfxe5 Qxe4 28. Qxe4 Bxe4 29. c3 bxc3 30. bxc3 Bd5 31. Nxf6+ gxf6 32. Ng4 Kg7 33. Ne3 Rb8 34. Ra7+ Kg6 35. Rc7 Rb1+ 36. Kh2 Rb2 37. Kg3 Rb3 38. Nd1 Rb1 39. Ne3 Rb3 40. Nd1 Rb1 41. Ne3 Rb3 1/2-1/2

[Event "Ruhrgebiet Verbandsliga Gruppe 2 1516"]
[Site "Germany"]
[Date "2015.12.20"]
[Round "5.6"]
[White "Pustelny Conrad, Dieter"]
[Black "Prang, Andreas"]
[Result "1-0"]
[WhiteElo "1927"]
[BlackElo "1819"]
[PlyCount "35"]
[EventDate "2015.09.06"]
[EventType "team-tourn"]
[EventRounds "9"]
[EventCountry "GER"]
[SourceTitle "EXT 2022"]
[Source "ChessBase"]
[SourceDate "2021.10.06"]
[SourceVersion "1"]
[SourceVersionDate "2021.10.06"]
[SourceQuality "1"]
[WhiteTeam "Wattenscheid SV III"]
[BlackTeam "Wanne-Eickel SV Unser Fritz"]
[WhiteTeamCountry "GER"]
[BlackTeamCountry "GER"]

1. e4 c6 2. d4 d5 3. exd5 cxd5 4. c4 Nf6 5. Nc3 e6 6. Nf3 Nc6 7. c5 a5 8. Bf4 Nh5 9. Bg3 Bd7 10. Bb5 b6 11. Bxc6 Bxc6 12. Ne5 Nxg3 13. fxg3 Qc8 14. 0-0 Ra7 15. cxb6 Rb7 16. Rc1 Bd6 17. Nxc6 Qxc6 18. Ne4 1-0

[Event "Goch op 26th"]
[Site "Goch"]
[Date "2015.09.04"]
[Round "2"]
[White "Prang, Andreas"]
[Black "Van Weegen, Raphael"]
[Result "1/2-1/2"]
[WhiteElo "1886"]
[BlackElo "1632"]
[PlyCount "48"]
[EventDate "2015.09.03"]
[EventType "swiss"]
[EventRounds "7"]
[EventCountry "GER"]
[SourceTitle "EXT 2018"]
[Source "ChessBase"]
[SourceDate "2017.10.13"]
[SourceVersion "1"]
[SourceVersionDate "2017.10.13"]
[SourceQuality "1"]

1. d4 d5 2. c4 c6 3. Nc3 Nf6 4. e3 g6 5. Nf3 Bg7 6. h3 0-0 7. Bd3 Nbd7 8. 0-0 Re8 9. e4 dxe4 10. Nxe4 Nxe4 11. Bxe4 Nb6 12. b3 c5 13. Bb2 cxd4 14. Bxd4 e5 15. Bc3 f5 16. Bc2 Qc7 17. Qe1 e4 18. Nd4 Bd7 19. Rc1 Rad8 20. Bb1 Bc6 21. Nxc6 Bxc3 22. Qxc3 Qxc6 23. a4 Nd7 24. Rfd1 Nc5 1/2-1/2

[Event "Goch op 25th"]
[Site "Goch"]
[Date "2014.09.06"]
[Round "4"]
[White "Heinemann, Ernst"]
[Black "Prang, Andreas"]
[Result "1-0"]
[WhiteElo "2105"]
[BlackElo "1953"]
[PlyCount "74"]
[EventDate "2014.09.04"]
[EventType "swiss"]
[EventRounds "7"]
[EventCountry "GER"]
[SourceTitle "EXT 2016"]
[Source "ChessBase"]
[SourceDate "2015.10.08"]
[SourceVersion "1"]
[SourceVersionDate "2015.10.08"]
[SourceQuality "1"]

1. e4 c6 2. d4 d5 3. e5 Bf5 4. Nc3 h5 5. Bd3 Bxd3 6. Qxd3 e6 7. Nge2 c5 8. dxc5 Nc6 9. Be3 Nxe5 10. Qb5+ Qd7 11. f4 Nc4 12. Bd4 Qxb5 13. Nxb5 Kd7 14. b3 Na5 15. f5 Nc6 16. fxe6+ fxe6 17. Bf2 Nf6 18. c4 a6 19. cxd5 Nxd5 20. Nbc3 Ncb4 21. Rd1 Ke8 22. 0-0 Be7 23. Nxd5 Nxd5 24. Nd4 Rh6 25. Nxe6 Rxe6 26. Rxd5 g6 27. Rfd1 a5 28. a3 Rc8 29. b4 axb4 30. axb4 Re4 31. Re1 Rxb4 32. Rde5 Rc7 33. c6 Kf7 34. Rxe7+ Rxe7 35. Rxe7+ Kxe7 36. Bc5+ Ke6 37. Bxb4 bxc6 1-0

[Event "Lippe Cup A 9th"]
[Site "Lieme"]
[Date "2012.10.14"]
[Round "4"]
[White "Bentel, Robin"]
[Black "Prang, Andreas"]
[Result "0-1"]
[WhiteElo "1957"]
[BlackElo "1994"]
[PlyCount "68"]
[EventDate "2012.10.12"]
[EventType "swiss"]
[EventRounds "5"]
[EventCountry "GER"]
[SourceTitle "EXT 2014"]
[Source "ChessBase"]
[SourceDate "2013.11.20"]
[SourceVersion "1"]
[SourceVersionDate "2013.11.20"]
[SourceQuality "1"]

1. d4 Nf6 2. c4 g6 3. Nc3 Bg7 4. e4 d6 5. Nf3 0-0 6. Be2 c5 7. 0-0 cxd4 8. Nxd4 Nc6 9. Be3 Bd7 10. Qd2 Nxd4 11. Bxd4 Bc6 12. f3 a5 13. b3 Nd7 14. Rae1 Bxd4+ 15. Qxd4 Qb8 16. Nd5 Re8 17. Qc3 Qa7+ 18. Kh1 Rac8 19. Bd3 b5 20. Ne3 Ne5 21. Bb1 bxc4 22. f4 Nd3 23. Bxd3 cxd3 24. Ng4 f6 25. Qxd3 Qb7 26. Rf3 Kg7 27. Rg3 Qb4 28. Qe3 Bxe4 29. a3 Qb7 30. f5 Bxf5 31. Qh6+ Kh8 32. Ne3 Qe4 33. Rf1 Be6 34. Rf4 Qxe3 0-1

[Event "Lippe Cup A 9th"]
[Site "Lieme"]
[Date "2012.10.14"]
[Round "5"]
[White "Prang, Andreas"]
[Black "Karsunke, Marvin"]
[Result "1/2-1/2"]
[WhiteElo "1994"]
[BlackElo "1749"]
[PlyCount "22"]
[EventDate "2012.10.12"]
[EventType "swiss"]
[EventRounds "5"]
[EventCountry "GER"]
[SourceTitle "EXT 2014"]
[Source "ChessBase"]
[SourceDate "2013.11.20"]
[SourceVersion "1"]
[SourceVersionDate "2013.11.20"]
[SourceQuality "1"]

1. d4 d5 2. c4 c6 3. Nc3 Nf6 4. e3 e6 5. Nf3 Nbd7 6. b3 Bb4 7. Bd2 0-0 8. Bd3 Re8 9. 0-0 e5 10. dxe5 Nxe5 11. Nxe5 Rxe5 1/2-1/2

[Event "Lippe Cup A 9th"]
[Site "Lieme"]
[Date "2012.10.13"]
[Round "2"]
[White "Bluebaum, Johanna"]
[Black "Prang, Andreas"]
[Result "1/2-1/2"]
[WhiteElo "1930"]
[BlackElo "1994"]
[PlyCount "84"]
[EventDate "2012.10.12"]
[EventType "swiss"]
[EventRounds "5"]
[EventCountry "GER"]
[SourceTitle "EXT 2014"]
[Source "ChessBase"]
[SourceDate "2013.11.20"]
[SourceVersion "1"]
[SourceVersionDate "2013.11.20"]
[SourceQuality "1"]

1. d4 Nf6 2. c4 g6 3. Nc3 Bg7 4. e4 d6 5. Nf3 0-0 6. Be2 Na6 7. 0-0 e5 8. Be3 Ng4 9. Bg5 Qe8 10. h3 h6 11. Bc1 exd4 12. Nxd4 Nf6 13. Bf3 Nc5 14. Re1 Ne6 15. Nxe6 Bxe6 16. Nd5 Qd8 17. Qb3 Rb8 18. Be3 b6 19. Rad1 Nd7 20. Qc2 Ne5 21. Be2 c6 22. Nf4 Qe7 23. Nxe6 Qxe6 24. f4 Nd7 25. Bg4 Qe7 26. e5 d5 27. cxd5 cxd5 28. Rxd5 Nc5 29. Red1 h5 30. Bf3 Bh6 31. g3 Rfc8 32. Qf2 Qe6 33. b3 Qxh3 34. Qg2 Qxg2+ 35. Kxg2 Ne6 36. Rd7 Rc2+ 37. R1d2 Rbc8 38. Be4 Rxd2+ 39. Bxd2 Nc5 40. Rd4 Nxe4 41. Rxe4 Rc2 42. Rd4 Kf8 1/2-1/2

[Event "Goch op 22nd"]
[Site "Goch"]
[Date "2011.09.30"]
[Round "2"]
[White "Hombrecher, Kai"]
[Black "Prang, Andreas"]
[Result "1/2-1/2"]
[WhiteElo "1926"]
[BlackElo "2118"]
[PlyCount "107"]
[EventDate "2011.09.29"]
[EventType "swiss"]
[EventRounds "7"]
[EventCountry "GER"]
[SourceTitle "EXT 2014"]
[Source "ChessBase"]
[SourceDate "2013.11.20"]
[SourceVersion "1"]
[SourceVersionDate "2013.11.20"]
[SourceQuality "1"]

1. Nf3 g6 2. e4 c5 3. g3 Nc6 4. Bg2 Bg7 5. 0-0 d6 6. d3 Nf6 7. Nc3 0-0 8. h3 Bd7 9. Be3 b5 10. Nd2 Rb8 11. f4 b4 12. Ne2 a5 13. d4 cxd4 14. Nxd4 Rc8 15. Rc1 Nxd4 16. Bxd4 Bc6 17. Re1 Ba8 18. c3 bxc3 19. Rxc3 Rxc3 20. Bxc3 Qb6+ 21. Kh2 Rc8 22. Qe2 a4 23. Qd3 Nd7 24. e5 Bxg2 25. Kxg2 Nc5 26. Qf3 Ne6 27. h4 Qb5 28. f5 gxf5 29. Qxf5 dxe5 30. Rf1 Rf8 31. h5 h6 32. Nf3 Qd5 33. Kh2 f6 34. a3 Rd8 35. Rf2 Rf8 36. Rd2 Qc4 37. Bb4 Nc5 38. Nh4 Ne4 39. Rg2 e6 40. Qf3 Ng5 41. Qb7 Rd8 42. Qe7 Qc8 43. Rf2 Rd7 44. Ng6 Qd8 45. Qxd8+ Rxd8 46. Rc2 Rd7 47. Rc8+ Kf7 48. Kg2 e4 49. Kf2 f5 50. Nh8+ Kf6 51. Bc3+ e5 52. Rc6+ Ne6 53. Ng6 Kf7 54. Bxe5 1/2-1/2

[Event "Troisdorf op"]
[Site "Troisdorf"]
[Date "2005.11.29"]
[Round "6.7"]
[White "Prang, Andreas"]
[Black "Luett, Michael"]
[Result "0-1"]
[WhiteElo "1712"]
[BlackElo "1960"]
[PlyCount "88"]
[EventDate "2005.10.18"]
[EventType "swiss"]
[EventRounds "7"]
[EventCountry "GER"]
[SourceTitle "EXT 2006"]
[Source "ChessBase"]
[SourceDate "2005.11.24"]
[SourceVersion "1"]
[SourceVersionDate "2005.11.24"]
[SourceQuality "1"]

1. Nf3 d5 2. g3 c5 3. Bg2 Nc6 4. 0-0 e5 5. d3 Nge7 6. Nbd2 Ng6 7. e4 d4 8. a4 h5 9. Nc4 Be7 10. Ne1 h4 11. f4 hxg3 12. hxg3 exf4 13. Bxf4 Be6 14. Nf3 Qd7 15. Ng5 Nxf4 16. gxf4 Bxg5 17. fxg5 Bxc4 18. dxc4 Ne5 19. Qe2 Qe7 20. Rf5 g6 21. Rf6 Rh5 22. Qd2 Nxc4 23. Qd3 Rxg5 24. Raf1 Rxg2+ 25. Kxg2 Ne3+ 26. Kg1 Nxf1 27. Rxf1 0-0-0 28. Qh3+ Rd7 29. Qh8+ Kc7 30. Qh2+ Rd6 31. e5 Re6 32. Rf6 Rxf6 33. exf6+ Qd6 34. Qh8 c4 35. Qg7 Qe6 36. Qh8 d3 37. cxd3 cxd3 38. Qh2+ Qd6 39. Qd2 Qd4+ 40. Kg2 Qxf6 41. Qa5+ Qb6 42. Qe5+ Qd6 43. Qa5+ Kd7 44. Qxa7 Qd5+ 0-1

[Event "Troisdorf op"]
[Site "Troisdorf"]
[Date "2005.11.08"]
[Round "3.1"]
[White "Kolkin, Michail"]
[Black "Prang, Andreas"]
[Result "1-0"]
[WhiteElo "2292"]
[BlackElo "1712"]
[PlyCount "57"]
[EventDate "2005.10.18"]
[EventType "swiss"]
[EventRounds "7"]
[EventCountry "GER"]
[SourceTitle "EXT 2006"]
[Source "ChessBase"]
[SourceDate "2005.11.24"]
[SourceVersion "1"]
[SourceVersionDate "2005.11.24"]
[SourceQuality "1"]

1. c4 Nf6 2. g3 g6 3. Bg2 Bg7 4. Nc3 0-0 5. Nf3 c6 6. d4 d5 7. Ne5 dxc4 8. Nxc4 Be6 9. b3 Qc8 10. Ba3 Re8 11. 0-0 Bh3 12. Rc1 Bxg2 13. Kxg2 Qd8 14. Qd3 Nbd7 15. Rfd1 Rb8 16. Qf3 b5 17. Ne5 Qa5 18. Bxe7 Nxe5 19. dxe5 Ng4 20. Qxg4 Rxe7 21. f4 f6 22. e4 b4 23. Na4 fxe5 24. f5 gxf5 25. exf5 Rf8 26. Rxc6 Kh8 27. Qc4 Rd8 28. Rxd8+ Qxd8 29. Rc8 1-0

[Event "Troisdorf op"]
[Site "Troisdorf"]
[Date "2005.10.18"]
[Round "1.11"]
[White "Kaganowski, Alexander"]
[Black "Prang, Andreas"]
[Result "0-1"]
[WhiteElo "1918"]
[BlackElo "1712"]
[PlyCount "98"]
[EventDate "2005.10.18"]
[EventType "swiss"]
[EventRounds "7"]
[EventCountry "GER"]
[SourceTitle "EXT 2006"]
[Source "ChessBase"]
[SourceDate "2005.11.24"]
[SourceVersion "1"]
[SourceVersionDate "2005.11.24"]
[SourceQuality "1"]

1. d4 Nf6 2. Bg5 g6 3. Bxf6 exf6 4. g3 d5 5. Bg2 Bh6 6. e3 0-0 7. Nd2 c6 8. c4 Be6 9. b3 Qa5 10. Qc1 Na6 11. Ne2 Rfd8 12. 0-0 Rac8 13. Qc3 Qb6 14. c5 Qc7 15. b4 Qd7 16. Rfb1 Bf5 17. Rb2 Nc7 18. a4 a6 19. Nb3 Ne6 20. f4 Re8 21. h3 Ng7 22. g4 Be4 23. Ng3 Bxg2 24. Rxg2 Re7 25. Nf1 Ne8 26. Na5 f5 27. g5 Bf8 28. Nd2 Ng7 29. Nf3 Qe8 30. Kf2 Nh5 31. Qb3 Bg7 32. Rb1 f6 33. h4 Qd7 34. Rgg1 Rce8 35. Rge1 Qc7 36. Qc3 h6 37. b5 axb5 38. axb5 hxg5 39. hxg5 Ra8 40. Ra1 Ree8 41. Reb1 fxg5 42. Nxg5 Nxf4 43. exf4 Qxf4+ 44. Nf3 Re4 45. Nb3 Rae8 46. Re1 Bf6 47. Rg1 Bh4+ 48. Kf1 Re3 49. Rxg6+ Kf7 0-1